| 000 | 00683nam a2200229 i 4500 | ||
|---|---|---|---|
| 001 | 14577 | ||
| 003 | ES-MaACL | ||
| 005 | 20230906150837.0 | ||
| 007 | t| | ||
| 008 | 990427s1976 sp ||||1| spa d | ||
| 020 | _a84-265-8035-1 | ||
| 080 | _a070:93 | ||
| 100 | 1 |
_aFlores Jaramillo, Renán. _951287 |
|
| 245 | 1 | 3 |
_aLa prensa en Hispanoamérica / _cRenán Flores Jaramillo. |
| 260 |
_aMadrid : _bMagisterio Español, _c[1976] |
||
| 300 |
_a152 p. : _bil. ; _c18 cm. |
||
| 490 | 1 |
_aBiblioteca cultural RTV ; _v69 |
|
| 650 |
_aPrensa- _zAmérica Latina. _9173033 |
||
| 830 | 1 |
_aBiblioteca cultural RTV ; _v69 _9228516 |
|
| 852 |
_aES-MaACL _jL-21780 |
||
| 999 |
_c14577 _d14577 |
||